[Event "ch-Lisboa"]
[Site "Lisboa"]
[Date "2017.06.29"]
[Round "7.6"]
[White "Galinha, Otelo"]
[Black "Pereira, Fernando"]
[Result "0-1"]
[WhiteElo "1625"]
[BlackElo "2067"]
[PlyCount "78"]
[EventDate "2017.05.18"]
[EventType "swiss"]
[EventRounds "7"]
[EventCountry "POR"]

1. e4 c5 2. Nf3 Nc6 3. d4 cxd4 4. Nxd4 Nf6 5. Nc3 d6 6. Bg5 e6 7. Be2 Be7 8.
O-O a6 9. Kh1 O-O 10. Qd2 Qc7 11. f4 h6 12. Bh4 Nxe4 13. Nxe4 Bxh4 14. Nxc6
Qxc6 15. Bf3 d5 16. Nf2 Rd8 17. Nd3 Qc7 18. c3 Bd7 19. Ne5 Bb5 20. Be2 Bxe2 21.
Qxe2 Bf6 22. Ng4 Qe7 23. Rad1 Rac8 24. Qd3 Rc4 25. Ne3 Re4 26. Ng4 h5 27. Nxf6+
Qxf6 28. g3 g6 29. Rfe1 Rxe1+ 30. Rxe1 h4 31. Kg2 Kg7 32. Re5 Rc8 33. b3 Qe7
34. Qxd5 hxg3 35. hxg3 Qc7 36. Qf3 Qxc3 37. Qxb7 Qd2+ 38. Kf3 Rc3+ 39. Kg4 Qf2
0-1

[Event "ch-Lisboa"]
[Site "Lisboa"]
[Date "2017.06.29"]
[Round "7.7"]
[White "Morais, Vitor Mestre"]
[Black "Santos, Micael"]
[Result "1-0"]
[WhiteElo "1912"]
[BlackElo "1940"]
[PlyCount "113"]
[EventDate "2017.05.18"]
[EventType "swiss"]
[EventRounds "7"]
[EventCountry "POR"]

1. b3 Nf6 2. Bb2 c5 3. c4 g6 4. Bxf6 exf6 5. Nc3 Nc6 6. e3 Bg7 7. Rc1 O-O 8. g3
Re8 9. Bg2 Nb4 10. d3 f5 11. Nge2 Qa5 12. Qd2 a6 13. O-O Ra7 14. a4 Nc6 15.
Rfd1 d6 16. Nd5 Be6 17. Nef4 b5 18. axb5 axb5 19. Nf6+ Bxf6 20. Bxc6 Rb8 21.
Bxb5 Rxb5 22. cxb5 Bxb3 23. Qxa5 Rxa5 24. Rd2 Rxb5 25. d4 c4 26. Ne2 Ra5 27.
Rb2 d5 28. Rcb1 Kg7 29. Rxb3 cxb3 30. Rxb3 g5 31. Kg2 Be7 32. Nc3 Kf6 33. Rb6+
Kg7 34. Rb5 Rxb5 35. Nxb5 Bd8 36. Nc3 Kf6 37. Nxd5+ Ke6 38. Nc3 Ba5 39. Ne2 Kd5
40. f3 Kc4 41. Kf2 Bd2 42. e4 fxe4 43. fxe4 g4 44. d5 Kd3 45. e5 Ke4 46. e6
fxe6 47. dxe6 Bb4 48. Nf4 Bc5+ 49. Ke2 Kf5 50. Kd3 Kf6 51. Kc4 Bg1 52. Kd5 Ke7
53. Ke5 Bxh2 54. Nd5+ Ke8 55. e7 Bxg3+ 56. Ke6 Be5 57. Kxe5 1-0

[Event "ch-Lisboa"]
[Site "Lisboa"]
[Date "2017.06.29"]
[Round "7.8"]
[White "Lavrador, Rodolfo Manuel"]
[Black "Fortunato, Antonio Eduardo"]
[Result "1-0"]
[WhiteElo "1854"]
[BlackElo "1681"]
[PlyCount "75"]
[EventDate "2017.05.18"]
[EventType "swiss"]
[EventRounds "7"]
[EventCountry "POR"]

1. e4 e6 2. d4 d5 3. Nc3 Bb4 4. e5 Ne7 5. Nge2 Bd7 6. a3 Ba5 7. b4 Bb6 8. Ng3
Ng6 9. Be3 a5 10. b5 a4 11. Na2 Qe7 12. Qc1 O-O 13. Be2 c5 14. c3 c4 15. Rb1
Ra5 16. O-O Bd8 17. f4 f5 18. exf6 Rxf6 19. f5 exf5 20. Bg5 f4 21. Bxf6 gxf6
22. Rxf4 Nxf4 23. Qxf4 Ra8 24. Bf3 Qf7 25. Nb4 Be6 26. Re1 Bc7 27. Qe3 Bxg3 28.
hxg3 Nd7 29. Qxe6 Qxe6 30. Rxe6 Nf8 31. Rxf6 Kg7 32. Rd6 Re8 33. Kf2 Ne6 34.
Nxd5 Ng5 35. Rd7+ Kh6 36. Rxb7 Rf8 37. Nf4 Nh3+ 38. gxh3 1-0

[Event "ch-Lisboa"]
[Site "Lisboa"]
[Date "2017.06.29"]
[Round "7.10"]
[White "Costa, Raul David Andrade"]
[Black "Aguiar, Carlos Alberto Bran"]
[Result "0-1"]
[WhiteElo "1369"]
[BlackElo "1791"]
[PlyCount "72"]
[EventDate "2017.05.18"]
[EventType "swiss"]
[EventRounds "7"]
[EventCountry "POR"]

1. e4 e5 2. Nf3 Nc6 3. Bc4 Be7 4. O-O Nf6 5. Nc3 h6 6. d3 d6 7. Bd2 Bg4 8. Be3
Qd7 9. Nd5 Na5 10. Nxf6+ Bxf6 11. Bb3 Nxb3 12. axb3 a6 13. c3 Qc6 14. Nxe5 Bxd1
15. Nxc6 Bxb3 16. Nb4 c6 17. Ra3 Be6 18. Re1 O-O 19. f4 Rfe8 20. f5 Bd7 21. Kf2
a5 22. Nc2 c5 23. Bf4 Be5 24. Kf3 Bc6 25. d4 Bxf4 26. Kxf4 b6 27. c4 b5 28. d5
b4 29. Rg3 Ba4 30. b3 Bd7 31. f6 g5+ 32. Kf3 a4 33. Ra1 axb3 34. Rc1 bxc2 35.
Rxc2 Ra3+ 36. Kf2 Rxg3 0-1